[Event "XXVII OOM - Mistrzostwa Polski Juniorow Mlodszych - Dziewczeta do lat 14"]
[Site "ApartHotel Termy Uniejow, ul. Termalna 1, 99-210 Uniejow"]
[Date "1899-12-30"]
[Round "6.11"]
[White "Nieckarz, Maja"]
[Black "Grzesik, Nikola"]
[Result "1-0"]
[WhiteTitle "I"]
[BlackTitle "I"]
[WhiteElo "1430"]
[BlackElo "1342"]

1. e4 c5 2. Nf3 e6 3. d4 cxd4 4. Nxd4 a6 5. Nc3 Qc7 6. g3 Nf6 7. Bg2 Nc6 8. O-O
Nxd4 9. Qxd4 Bc5 10. Qd3 d6 11. Bd2 O-O 12. Rad1 h6 13. Bf4 e5 14. Bc1 Bd7 15.
Nd5 Nxd5 16. Qxd5 Be6 17. Qd3 Bc4 18. Qf3 Bxf1 19. Rxf1 Rac8 20. Bh3 Rcd8 21.
Bf5 Qe7 22. Qg4 Qf6 23. Kg2 g5 24. h4 Qg7 25. hxg5 hxg5 26. Bxg5 f6 27. Be6+ Rf7
28. Bxf7+ Kxf7 29. Qh5+ Qg6 30. Qxg6+ Kxg6 31. Bc1 d5 32. Rd1 d4 33. f4 exf4 34.
Bxf4 Rc8 35. Kf3 Bb6 36. Rd2 Ba5 37. Rxd4 Rxc2 38. b4 Bc7 39. Bxc7 Rxc7 40. Kf4
Rc2 41. a4 Rb2 42. a5 Rb3 43. g4 Rb1 44. Rc4 Rb2 45. e5 fxe5+ 46. Kxe5 Re2+ 47.
Kd6 Kf6 48. Rc7 Re6+ 49. Kd5 Re5+ 50. Kc4 Re4+ 51. Kb3 Rxg4 52. Rxb7 Ke5 53. Rb6
Rg3+ 54. Kc4 Rg1 55. Rxa6 Rc1+ 56. Kb5 Kd5 57. Rb6 Ra1 58. Rc6 Ra2 59. Rc8 Kd6
60. a6 Kd7 61. Rc3 Ra1 62. Kb6 Rb1 63. b5 Rh1 64. a7 1-0

[Event "XXVII OOM - Mistrzostwa Polski Juniorow Mlodszych - Dziewczeta do lat 14"]
[Site "ApartHotel Termy Uniejow, ul. Termalna 1, 99-210 Uniejow"]
[Date "1899-12-30"]
[Round "6.12"]
[White "Szopa, Emilia"]
[Black "Predkiewicz, Paulina"]
[Result "1-0"]
[WhiteTitle "I++"]
[BlackTitle "I"]
[WhiteElo "1699"]
[BlackElo "1344"]

1. e4 e5 2. Nf3 Nc6 3. Bc4 Nf6 4. d3 Bc5 5. O-O O-O 6. Bb3 d6 7. c3 Bb6 8. Nbd2
Be6 9. h3 d5 10. Bc2 Qd7 11. Ng5 Rad8 12. Qf3 h6 13. Nxe6 fxe6 14. Qe2 Qf7 15.
exd5 exd5 16. Nf3 Rde8 17. Nh2 Nh5 18. Be3 Nf4 19. Qf3 Rd8 20. Bxf4 exf4 21. d4
Ne7 22. Ng4 Ng6 23. Qd3 Rd6 24. Ne5 Qf6 25. Nxg6 Re8 26. Ne5 Kf8 27. Rae1 Ree6
28. Qh7 Rd8 29. Bf5 g5 30. Ng6+ 1-0

[Event "XXVII OOM - Mistrzostwa Polski Juniorow Mlodszych - Dziewczeta do lat 14"]
[Site "ApartHotel Termy Uniejow, ul. Termalna 1, 99-210 Uniejow"]
[Date "1899-12-30"]
[Round "6.13"]
[White "Seemann, Pola"]
[Black "Pietryk, Joanna"]
[Result "1-0"]
[WhiteTitle "I++"]
[BlackTitle "I"]
[WhiteElo "1607"]
[BlackElo "1385"]

1. e4 c5 2. Nf3 a6 3. c3 e6 4. d4 Qc7 5. Be2 Nf6 6. Nbd2 b5 7. O-O Bb7 8. Bd3 d5
9. e5 Nfd7 10. Re1 Be7 11. Nf1 Nb6 12. Ne3 N8d7 13. Bc2 Rc8 14. Bd2 Nc4 15. b3
Nxd2 16. Qxd2 O-O 17. Qd3 g6 18. Qd2 cxd4 19. cxd4 Qc3 20. Qe2 Nb8 21. Rac1 Ba3
22. Rcd1 Nc6 23. Rd3 Qa5 24. Bb1 Nb4 25. Rdd1 Rc3 26. Qd2 Nc6 27. Ng4 Be7 28.
Nf6+ Kg7 29. Ng4 Kg8 30. b4 Qa3 31. Qh6 Rxf3 32. gxf3 Qxf3 33. h3 Nxb4 34. a3
Nc6 35. Rd3 Qf5 36. Rg3 Qh5 37. Nf6+ 1-0

[Event "XXVII OOM - Mistrzostwa Polski Juniorow Mlodszych - Dziewczeta do lat 14"]
[Site "ApartHotel Termy Uniejow, ul. Termalna 1, 99-210 Uniejow"]
[Date "1899-12-30"]
[Round "6.14"]
[White "Pastuszko, Katarzyna"]
[Black "Banasiak, Adrianna"]
[Result "1-0"]
[WhiteTitle "I++"]
[BlackTitle "I"]
[WhiteElo "1580"]
[BlackElo "1318"]

1. e4 c5 2. Nf3 Nc6 3. d4 cxd4 4. Nxd4 Nf6 5. Nc3 e5 6. Ndb5 d6 7. Bg5 a6 8. Na3
b5 9. Nd5 Be7 10. Bxf6 Bxf6 11. Be2 O-O 12. O-O Bb7 13. c3 Bg5 14. Qb3 Na5 15.
Qc2 Rc8 16. Rad1 Bxd5 17. Rxd5 Nc6 18. Qd3 Be7 19. Bg4 Rb8 20. Nc2 Qb6 21. Ne3
g6 22. Nf5 Rfd8 23. Rd1 gxf5 24. Bxf5 Bh4 25. Qf3 Bxf2+ 26. Qxf2 Na5 27. Qxb6
Rxb6 28. R1d3 f6 29. Rg3+ Kh8 30. Rh3 Rb7 31. Rh6 Nc4 32. Rxf6 Nxb2 33. Rdxd6
Rxd6 34. Rxd6 a5 35. Kf2 Kg7 36. Rc6 b4 37. cxb4 axb4 38. Kf3 Na4 39. Be6 Nc3
40. Rc5 Kf6 41. Bd5 Ra7 42. Rc6+ Kg5 43. Re6 Nxd5 44. Rxe5+ Kf6 45. Rxd5 Rxa2
46. Rb5 Rb2 47. Rb7 Kg6 48. h4 Rb1 49. g4 h5 50. g5 Rb3+ 51. Kf4 Rh3 52. Rb6+
Kg7 53. Kf5 Rxh4 54. Rb7+ Kf8 55. g6 Rg4 56. Kf6 Rf4+ 57. Kg5 Rxe4 58. Kh6 1-0

[Event "XXVII OOM - Mistrzostwa Polski Juniorow Mlodszych - Dziewczeta do lat 14"]
[Site "ApartHotel Termy Uniejow, ul. Termalna 1, 99-210 Uniejow"]
[Date "1899-12-30"]
[Round "6.15"]
[White "Romejko, Jagoda"]
[Black "Pudelko, Magdalena"]
[Result "0-1"]
[WhiteTitle "I"]
[BlackTitle "I++"]
[WhiteElo "1350"]
[BlackElo "1477"]

1. e4 c5 2. Nf3 a6 3. d4 cxd4 4. Nxd4 Nf6 5. Nc3 e5 6. Nf3 Bb4 7. Bd2 Nc6 8. Bd3
O-O 9. O-O Re8 10. a3 Bxc3 11. Bxc3 d5 12. exd5 Nxd5 13. Re1 Nxc3 14. bxc3 Bg4
15. h3 Bh5 16. Rb1 Qc7 17. Re3 Rad8 18. Qe1 f6 19. Nh4 Ne7 20. Be4 b5 21. Nf5
Bg6 22. Nxe7+ Rxe7 23. Rd3 Bxe4 24. Qxe4 Red7 25. Rbd1 Rxd3 26. Rxd3 Rxd3 27.
Qxd3 Qc5 28. Qd8+ Kf7 29. Qd7+ Qe7 30. Qd5+ Kg6 31. Qe4+ Kf7 32. Qd5+ Kg6 33.
Qe4+ f5 34. Qc6+ Qf6 35. Qe8+ Kh6 36. Qd7 g6 37. Qd2+ Qg5 38. Qe1 Qe7 39. Qd2+
Kg7 40. Qc1 Kf6 41. Qa1 Qc5 42. Qb2 Qc4 43. Qb3 Qxb3 44. cxb3 e4 45. Kf1 Ke5 46.
Ke2 f4 47. g3 g5 48. Kd2 a5 49. a4 bxa4 50. bxa4 Kd5 51. Kd1 Kc4 52. Kc2 e3 53.
fxe3 fxg3 54. e4 g2 55. e5 g1=Q 56. e6 Qf2+ 57. Kb1 Kb3 58. e7 Qf1# 0-1

[Event "XXVII OOM - Mistrzostwa Polski Juniorow Mlodszych - Dziewczeta do lat 14"]
[Site "ApartHotel Termy Uniejow, ul. Termalna 1, 99-210 Uniejow"]
[Date "1899-12-30"]
[Round "6.16"]
[White "Bar, Klaudia"]
[Black "Gac-mytych, Sara"]
[Result "1/2-1/2"]
[WhiteTitle "I"]
[BlackTitle "II"]
[WhiteElo "1439"]
[BlackElo "1125"]

1. d4 d5 2. c4 dxc4 3. e4 e6 4. Bxc4 c5 5. Nf3 cxd4 6. Qxd4 Qxd4 7. Nxd4 a6 8.
Be3 Bc5 9. Nc3 Nd7 10. a4 Ngf6 11. h3 O-O 12. O-O b6 13. Nc2 Bb7 14. f3 Ne5 15.
Be2 Bxe3+ 16. Nxe3 Rfd8 17. Rfd1 Rac8 18. Rxd8+ Rxd8 19. Rd1 Rxd1+ 20. Nexd1 g5
21. b3 Nfd7 22. Nb2 Kf8 23. Nc4 Ke7 24. Kf2 Nxc4 25. Bxc4 Ne5 26. Be2 Kd6 27.
Ke3 Nc6 28. g3 h6 29. f4 Bc8 30. h4 gxh4 31. gxh4 f5 32. e5+ Kc5 33. Na2 Nb4 34.
Nc1 Nd5+ 35. Kf3 Nb4 1/2-1/2

[Event "XXVII OOM - Mistrzostwa Polski Juniorow Mlodszych - Dziewczeta do lat 14"]
[Site "ApartHotel Termy Uniejow, ul. Termalna 1, 99-210 Uniejow"]
[Date "1899-12-30"]
[Round "6.17"]
[White "Popczynska, Maja"]
[Black "Jaros, Emilia"]
[Result "0-1"]
[WhiteTitle "I"]
[BlackTitle "I"]
[WhiteElo "1400"]
[BlackElo "1241"]

1. e4 e6 2. Nf3 d5 3. Nc3 Nf6 4. e5 Nfd7 5. Ne2 c5 6. c3 Nc6 7. d4 h6 8. Nf4 a6
9. Be2 cxd4 10. cxd4 Bb4+ 11. Bd2 Qa5 12. Bxb4 Qxb4+ 13. Qd2 Qxd2+ 14. Kxd2 b5
15. h4 Bb7 16. Rac1 Rc8 17. Rc3 Ke7 18. Rhc1 Rhe8 19. a4 b4 20. R3c2 Nb6 21. Bxa6
Bxa6 22. Rxc6 Nc4+ 23. R1xc4 Bxc4 24. Rb6 Rb8 25. Rd6 Ra8 26. Ke3 Rxa4 27. Rb6
Rc8 28. Rb7+ Kf8 29. Nd2 g6 30. Nh3 Ba6 31. Rb6 Rc2 32. b3 Raa2 33. Nf3 Rc3+ 34.
Kf4 Rxb3 35. Rb8+ Kg7 36. Ra8 Rbb2 37. Ra7 Bd3 38. Rb7 Be4 39. Kg3 Bxf3 40. gxf3
b3 41. Nf4 Ra6 42. Nd3 Rb1 43. Nc5 b2 44. Nxa6 Rg1+ 45. Kf4 b1=Q 46. Rxb1 Rxb1
47. Nc5 Rh1 48. Kg3 Rd1 49. Nb3 Rd3 50. Nc1 Rxd4 51. Ne2 Rd1 52. f4 d4 53. Kf3
d3 54. Nc3 Rh1 55. Ke3 Rxh4 56. Kxd3 Rxf4 57. Ke3 g5 58. Ne2 Rh4 59. Ng3 Kg6 60.
Kf3 Rf4+ 61. Kg2 h5 62. Ne2 Re4 63. Kf3 Rxe2 64. Kxe2 Kf5 65. Kf3 Kxe5 66. Kg3
f5 67. f3 f4+ 68. Kf2 Kd4 69. Ke2 h4 70. Kf2 h3 71. Kg1 Ke3 72. Kh2 Kxf3 73. Kxh3
e5 0-1

[Event "XXVII OOM - Mistrzostwa Polski Juniorow Mlodszych - Dziewczeta do lat 14"]
[Site "ApartHotel Termy Uniejow, ul. Termalna 1, 99-210 Uniejow"]
[Date "1899-12-30"]
[Round "6.18"]
[White "Leks, Emilia"]
[Black "Zalewska, Malgorzata"]
[Result "1-0"]
[WhiteTitle "II+"]
[BlackTitle "I"]
[WhiteElo "1213"]
[BlackElo "1328"]

1. c4 e5 2. Nc3 Nf6 3. g3 d5 4. cxd5 Nxd5 5. Bg2 Nb6 6. Nf3 Nc6 7. O-O Be7 8. d3
O-O 9. a3 Be6 10. b4 a5 11. b5 Nd4 12. Nxe5 Bf6 13. f4 Nb3 14. Rb1 Bxe5 15. fxe5
Qd4+ 16. Kh1 Qxc3 17. Bb2 Qc5 18. d4 Qxb5 19. e4 c6 20. Rf4 a4 21. Rh4 h6 22.
Bc1 f6 23. Bxh6 gxh6 24. Qh5 Kg7 25. Qxh6+ Kf7 26. Qxf6+ Ke8 27. Qxe6+ Kd8 28.
Rh7 Re8 29. Qd6+ Kc8 30. Qc7# 1-0

[Event "XXVII OOM - Mistrzostwa Polski Juniorow Mlodszych - Dziewczeta do lat 14"]
[Site "ApartHotel Termy Uniejow, ul. Termalna 1, 99-210 Uniejow"]
[Date "1899-12-30"]
[Round "6.19"]
[White "Bandyk, Joanna"]
[Black "Szewczuk, Aleksandra"]
[Result "1/2-1/2"]
[WhiteTitle "I"]
[BlackTitle "I"]
[WhiteElo "1186"]
[BlackElo "1317"]

1. e4 c6 2. Nc3 d5 3. Nf3 dxe4 4. Nxe4 Bf5 5. Ng3 Bg6 6. Ne5 Nd7 7. Nxg6 hxg6 8.
d4 e6 9. Bd3 Ngf6 10. c3 Bd6 11. Qf3 Qe7 12. Ne4 Nxe4 13. Qxe4 Nf6 14. Qe2 O-O-O
15. Be3 Rh5 16. O-O-O Nd5 17. h3 Rdh8 18. c4 Nf4 19. Bxf4 Bxf4+ 20. Kb1 Bg5 21.
Rhe1 Bf6 22. Bc2 Rd8 23. g4 Ra5 24. Qe4 Qc7 25. Rd3 Qb6 26. Red1 c5 27. Rb3 Qa6
28. dxc5 Rxc5 29. Qf3 Rxd1+ 30. Bxd1 Rc7 31. Be2 Qc6 32. Qxc6 Rxc6 33. Kc2 b6
34. Rf3 Rc7 35. b3 Rd7 36. Rd3 Bh4 37. Rxd7 Kxd7 38. f3 Bf6 39. b4 Be7 40. a3
f5 41. Bd3 Kd6 42. Kd2 1/2-1/2

[Event "XXVII OOM - Mistrzostwa Polski Juniorow Mlodszych - Dziewczeta do lat 14"]
[Site "ApartHotel Termy Uniejow, ul. Termalna 1, 99-210 Uniejow"]
[Date "1899-12-30"]
[Round "6.20"]
[White "Feliks, Agnieszka"]
[Black "Staniewicz, Adrianna"]
[Result "1/2-1/2"]
[WhiteTitle "I"]
[BlackTitle "WCM"]
[WhiteElo "1156"]
[BlackElo "1301"]

1. e4 c5 2. Nf3 e6 3. d4 cxd4 4. Nxd4 a6 5. Bd3 Qc7 6. O-O Nf6 7. a4 Bc5 8. Nb3
Ba7 9. Kh1 h5 10. Qe2 Nc6 11. Bd2 Ng4 12. f4 d6 13. h3 Bd7 14. g3 Nf6 15. Be3
Bxe3 16. Qxe3 d5 17. e5 Ng8 18. N1d2 Nge7 19. Nd4 g6 20. c3 Nxd4 21. Qxd4 Nc6
22. Qf2 Ne7 23. Kg1 Rb8 24. Nf3 Bc6 25. Nd4 Qd7 26. Nxc6 Nxc6 27. Qe2 Qc7 28.
Rfc1 Na5 29. Ra3 Qb6+ 30. Qf2 Qxf2+ 31. Kxf2 Ke7 32. c4 dxc4 33. Bxc4 Rhc8 34.
Rac3 Nxc4 35. Rxc4 Rxc4 36. Rxc4 Kd7 37. Ke3 Rc8 38. Rxc8 Kxc8 39. b4 Kc7 40.
Kd4 Kc6 41. Kc4 b5+ 42. axb5+ axb5+ 43. Kd4 Kb6 44. h4 Kc6 45. Ke4 Kb6 46. Kd4
Kc6 1/2-1/2

[Event "XXVII OOM - Mistrzostwa Polski Juniorow Mlodszych - Dziewczeta do lat 14"]
[Site "ApartHotel Termy Uniejow, ul. Termalna 1, 99-210 Uniejow"]
[Date "1899-12-30"]
[Round "6.21"]
[White "Walentyn, Zuzanna"]
[Black "Dallemura, Julia"]
[Result "0-1"]
[WhiteTitle "II"]
[BlackTitle "I"]
[WhiteElo "1297"]
[BlackElo "1196"]

1. d4 d5 2. c4 e6 3. Nc3 Nf6 4. cxd5 exd5 5. Bg5 Be7 6. Qc2 h6 7. Bh4 c6 8. e3
O-O 9. Bd3 Nbd7 10. Nge2 Nb6 11. O-O Nh5 12. Bxe7 Qxe7 13. Rfe1 Bd7 14. Na4 Nxa4
15. Qxa4 a6 16. a3 c5 17. Qc2 c4 18. Bf5 Nf6 19. Bxd7 Qxd7 20. Nc3 b5 21. b3 Rac8
22. b4 Rfe8 23. Rad1 Ne4 24. Nxe4 dxe4 25. Qc3 Qd5 26. Rd2 f5 27. Rde2 g5 28.
Kf1 Rcd8 29. Rd2 Kf7 30. Kg1 Kg8 31. Kf1 f4 32. exf4 gxf4 33. f3 e3 34. Rdd1 Re6
35. Re2 Red6 36. Kg1 Qg5 37. Kf1 Qg7 38. Kg1 Rxd4 39. Rxd4 Rxd4 40. Re1 Rd3 41.
Qxg7+ Kxg7 42. g3 c3 43. Rc1 e2 44. Kf2 Rd1 45. Rxd1 exd1=Q 46. gxf4 Qd2+ 47.
Kg1 c2 48. Kf1 c1=R# 0-1

[Event "XXVII OOM - Mistrzostwa Polski Juniorow Mlodszych - Dziewczeta do lat 14"]
[Site "ApartHotel Termy Uniejow, ul. Termalna 1, 99-210 Uniejow"]
[Date "1899-12-30"]
[Round "6.22"]
[White "Kicinska, Magdalena"]
[Black "Reszka, Barbara"]
[Result "1-0"]
[WhiteTitle "I+"]
[BlackTitle "II+"]
[WhiteElo "1315"]
[BlackElo "1095"]

1. d4 d5 2. Nf3 e6 3. c3 Nf6 4. Bg5 c5 5. e3 Be7 6. Nbd2 cxd4 7. exd4 O-O 8. Bd3
Nc6 9. O-O b6 10. Qa4 Bb7 11. Ne5 Nxe5 12. dxe5 Nd7 13. Qh4 g6 14. Bxe7 Qc7 15.
Bxf8 Rxf8 16. Nf3 f6 17. exf6 Nxf6 18. Qg3 Qe7 19. Rfe1 Re8 20. Re2 Bc8 21. Rae1
Nh5 22. Qg5 Qd6 23. Qe5 Qe7 24. c4 dxc4 25. Bxc4 Ng7 26. Ng5 h6 27. Nxe6 Nxe6
28. Bxe6+ Bxe6 29. Qxe6+ Qxe6 30. Rxe6 Rxe6 31. Rxe6 Kf7 32. Rc6 h5 33. Rc7+ Ke6
34. Rxa7 Kd6 35. Rg7 g5 36. Rxg5 h4 1-0

[Event "XXVII OOM - Mistrzostwa Polski Juniorow Mlodszych - Dziewczeta do lat 14"]
[Site "ApartHotel Termy Uniejow, ul. Termalna 1, 99-210 Uniejow"]
[Date "1899-12-30"]
[Round "6.23"]
[White "Makarec, Anna"]
[Black "Kaczmarek, Paulina"]
[Result "1-0"]
[WhiteTitle "I"]
[BlackTitle "II+"]
[WhiteElo "1206"]
[BlackElo "1029"]

1. e4 c5 2. Nc3 Nc6 3. f4 g6 4. Bc4 Bg7 5. Nf3 e6 6. O-O Nge7 7. d3 O-O 8. Qe1
d5 9. Bb3 b6 10. Qh4 dxe4 11. dxe4 Nd4 12. a4 Nec6 13. Qg3 Bb7 14. Be3 Qe7 15.
Qh3 Nxf3+ 16. Rxf3 Nd4 17. Rg3 Nxb3 18. cxb3 f5 19. e5 Rfd8 20. Nb5 Bf8 21. Nd6
Qg7 22. Nxb7 Qxb7 23. Bf2 Qg7 24. Rd3 Qh6 25. Rxd8 Qxh3 26. Rxf8+ Kxf8 27. gxh3
Rd8 28. Bg3 Rd3 29. Ra3 Rd1+ 30. Kf2 Rd2+ 31. Ke3 Rxb2 32. Kd3 Ke7 33. Kc4 Kd7
34. a5 Kc7 35. axb6+ Kxb6 36. Ra1 Rd2 37. Kc3 Rd4 38. Ra2 a6 39. Rd2 Rxd2 40.
Kxd2 Kb5 41. Kc3 h6 42. h4 a5 43. Bf2 h5 44. Bg3 c4 45. bxc4+ Kc5 46. Bf2+ Kc6
47. Kb3 Kb7 48. Ka4 Ka6 49. c5 Ka7 50. Kxa5 Kb7 51. Kb5 Kc7 52. c6 Kd8 53. Kb6
Kc8 54. c7 g5 55. hxg5 h4 56. h3 Kd7 57. Kb7 Ke7 58. c8=Q Kf7 59. Qd7+ Kg6 60.
Be1 1-0

[Event "XXVII OOM - Mistrzostwa Polski Juniorow Mlodszych - Dziewczeta do lat 14"]
[Site "ApartHotel Termy Uniejow, ul. Termalna 1, 99-210 Uniejow"]
[Date "1899-12-30"]
[Round "6.24"]
[White "Semeradt, Michalina"]
[Black "Szmajda, Karolina"]
[Result "1/2-1/2"]
[WhiteTitle "I"]
[BlackTitle "I"]
[WhiteElo "1065"]
[BlackElo "1181"]

1. d4 e6 2. c4 b6 3. Nf3 Bb7 4. e3 f5 5. Nc3 Nf6 6. Bd3 Bd6 7. O-O O-O 8. a3 a6
9. b3 Qe8 10. Re1 Qh5 11. h3 g5 12. e4 g4 13. Nh2 g3 14. fxg3 Qxd1 15. Rxd1 Nxe4
16. Bxe4 fxe4 17. g4 Bg3 18. Be3 d5 19. cxd5 Bxd5 20. Nxd5 exd5 21. Rac1 a5 22.
a4 Na6 23. Nf1 Bd6 24. Bd2 Rad8 25. Ne3 Ba3 26. Rc6 Rf7 27. Rf1 Rxf1+ 28. Kxf1
Rd7 29. Ke2 Nb4 30. Bxb4 Bxb4 31. Kd1 1/2-1/2

[Event "XXVII OOM - Mistrzostwa Polski Juniorow Mlodszych - Dziewczeta do lat 14"]
[Site "ApartHotel Termy Uniejow, ul. Termalna 1, 99-210 Uniejow"]
[Date "1899-12-30"]
[Round "6.25"]
[White "Brelinska, Marcelina"]
[Black "Mitrega, Wiktoria"]
[Result "0-1"]
[WhiteTitle "II"]
[BlackTitle "I"]
[WhiteElo "1057"]
[BlackElo "1251"]

1. e4 e6 2. d4 d5 3. e5 c5 4. Nf3 Nc6 5. Bf4 Qb6 6. b3 cxd4 7. a4 a6 8. Bd3 Bb4+
9. Nbd2 Nge7 10. O-O Ng6 11. Bg3 Bd7 12. Qc1 Rc8 13. h3 Bc3 14. Rb1 Nb4 15. Bxg6
hxg6 16. Qd1 Bxd2 17. Qxd2 Rxc2 18. Qxd4 Qxd4 19. Nxd4 Rc8 20. Rbc1 O-O 21. Rxc8
Rxc8 22. f4 Rc3 23. Be1 Rd3 24. Bxb4 Rxd4 25. Bd6 Bc6 26. h4 Rd2 27. Kh2 d4 28.
Rg1 Rb2 29. b4 Bxa4 30. Kg3 d3 31. Kf3 d2 32. Ke3 d1=Q 33. Rxd1 Bxd1 34. g3 Rb3+
35. Kf2 Rf3+ 36. Kg2 f6 37. exf6 gxf6 38. Bc5 Kf7 39. Kh2 e5 40. fxe5 fxe5 41.
Kh3 e4 42. Kg4 Rc3+ 43. Kf4 Rxc5 44. bxc5 Bf3 45. Ke3 a5 46. g4 a4 47. Kd2 a3
48. Kc2 e3 49. Kb3 e2 50. Kxa3 e1=Q 51. Ka4 Qb1 52. h5 gxh5 53. gxh5 Be2 54. h6
Bc4 55. h7 Qb3+ 56. Ka5 Qb5# 0-1

[Event "XXVII OOM - Mistrzostwa Polski Juniorow Mlodszych - Dziewczeta do lat 14"]
[Site "ApartHotel Termy Uniejow, ul. Termalna 1, 99-210 Uniejow"]
[Date "1899-12-30"]
[Round "6.26"]
[White "Peksa, Zuzanna"]
[Black "Bromirska, Roksana"]
[Result "1-0"]
[WhiteTitle "I"]
[BlackTitle "II"]
[WhiteElo "1231"]
[BlackElo "1088"]

1. c4 e5 2. g3 Nf6 3. Bg2 Bc5 4. Nc3 O-O 5. d3 h6 6. e3 Nc6 7. Nge2 d6 8. O-O Re8
9. d4 exd4 10. exd4 Bb4 11. Be3 Bg4 12. Qb3 Bxc3 13. Nxc3 Rb8 14. Qc2 Qd7 15.
Rac1 Nb4 16. Qd2 c6 17. a3 Na6 18. Ne2 Nc7 19. Rfe1 d5 20. b3 a6 21. Bf4 Rbc8
22. Bxc7 Rxc7 23. Nf4 Rcc8 24. Re5 dxc4 25. Rxe8+ Rxe8 26. bxc4 b6 27. d5 cxd5
28. Nxd5 Qc6 29. Ne7+ Rxe7 30. Bxc6 Rc7 31. Qd8+ Kh7 32. Qxc7 1-0

[Event "XXVII OOM - Mistrzostwa Polski Juniorow Mlodszych - Dziewczeta do lat 14"]
[Site "ApartHotel Termy Uniejow, ul. Termalna 1, 99-210 Uniejow"]
[Date "1899-12-30"]
[Round "7.1"]
[White "Oborska, Magda"]
[Black "Szczotka, Klara"]
[Result "1-0"]
[WhiteTitle "I++"]
[BlackTitle "k+"]
[WhiteElo "1537"]
[BlackElo "1916"]

1. e4 c5 2. Nf3 e6 3. d4 cxd4 4. Nxd4 a6 5. Nc3 Qc7 6. g3 Nf6 7. Bg2 Be7 8. O-O
Nc6 9. Be3 d6 10. Nxc6 bxc6 11. Na4 Nd7 12. b3 Rb8 13. Qd2 O-O 14. Rfd1 Rd8 15.
Bf4 e5 16. Be3 Nf6 17. Bg5 Bg4 18. Re1 h6 19. Bxf6 Bxf6 20. Nb2 Be6 21. Nd3 a5
22. Rad1 a4 23. Qc3 axb3 24. axb3 Qb6 25. Ra1 Ra8 26. Nb4 Rxa1 27. Rxa1 Rb8 28.
Nd3 Be7 29. Bf1 f5 30. exf5 Bd5 31. Nb2 Rf8 32. Ra6 Qb7 33. Bc4 Kh8 34. Qa5 Bd8
35. Ra7 Qc8 36. Qd2 Qxf5 37. Bxd5 Bb6 38. Rf7 Rxf7 39. Bxf7 Qxf7 40. Nc4 Bd4 41.
Nxd6 Qf3 42. Nc4 Kg8 43. Ne3 Qe4 44. Qd3 Qf3 45. c3 Bb6 46. Qf5 Qxf5 47. Nxf5
Kf7 48. Kg2 Kf6 49. Nd6 Ke6 50. Nc4 Ba7 51. Kf3 e4+ 52. Kxe4 Bxf2 53. Ne5 Kd6
54. Nd3 Bg1 55. h3 Bb6 56. Nf4 Bf2 57. g4 Be1 58. Ne2 c5 59. c4 Bh4 60. Kf5 Bf6
61. Nf4 Bd4 62. Nh5 Ke7 63. Kg6 Kf8 64. Nf4 Ke7 65. Nd5+ Ke6 66. b4 cxb4 67. Nxb4
Bc3 68. Nd3 Bd4 69. Nf4+ Ke7 70. Nh5 Kf8 71. c5 Bxc5 72. Nxg7 Kg8 73. Nf5 Bf2
74. Nxh6+ Kh8 75. Nf5 Be1 76. h4 Bc3 77. h5 Kg8 78. h6 Kf8 79. h7 Bh8 80. Nh6
1-0

[Event "XXVII OOM - Mistrzostwa Polski Juniorow Mlodszych - Dziewczeta do lat 14"]
[Site "ApartHotel Termy Uniejow, ul. Termalna 1, 99-210 Uniejow"]
[Date "1899-12-30"]
[Round "7.2"]
[White "Niedorys, Karolina"]
[Black "Lazniewska, Zofia"]
[Result "1-0"]
[WhiteTitle "I"]
[BlackTitle "I+"]
[WhiteElo "1413"]
[BlackElo "1625"]

1. e4 c5 2. Nf3 Nc6 3. d4 cxd4 4. Nxd4 g6 5. Be3 Bg7 6. Nc3 Nf6 7. f3 O-O 8. Qd2
d5 9. exd5 Nxd5 10. Nxc6 bxc6 11. Bd4 e5 12. Bc5 Re8 13. Ne4 f5 14. Nd6 Re6 15.
O-O-O Bf6 16. Kb1 e4 17. c4 e3 18. Qe1 Nf4 19. Nxf5 Qc7 20. Nxe3 Rb8 21. b3 Re8
22. Bd6 Bf5+ 23. Kc1 Qg7 24. Nxf5 Bb2+ 25. Kc2 Rxe1 26. Nxg7 Rxd1 27. Bxb8 Rd8
28. Bxf4 Bxg7 29. Bd3 Re8 30. Be4 c5 31. Be3 Bf8 32. Rd1 a5 33. Rd7 Rc8 34. Bd2
Bh6 35. Bxh6 1-0

[Event "XXVII OOM - Mistrzostwa Polski Juniorow Mlodszych - Dziewczeta do lat 14"]
[Site "ApartHotel Termy Uniejow, ul. Termalna 1, 99-210 Uniejow"]
[Date "1899-12-30"]
[Round "7.3"]
[White "Pawicka, Magdalena"]
[Black "Sprzeczka, Emilia"]
[Result "1-0"]
[WhiteTitle "k+"]
[BlackTitle "I"]
[WhiteElo "1816"]
[BlackElo "1431"]

1. e4 e5 2. Nf3 Nc6 3. Bc4 Bc5 4. O-O Nf6 5. d3 O-O 6. Re1 a6 7. a4 d6 8. c3 Be6
9. Bxe6 fxe6 10. b4 Ba7 11. Be3 Bxe3 12. Rxe3 Ng4 13. Re1 Qe8 14. h3 Nf6 15. Nbd2
Ne7 16. Qb3 Ng6 17. g3 c6 18. d4 h6 19. dxe5 dxe5 20. Rad1 b5 21. a5 Qe7 22. Kg2
Ne8 23. Qa2 Nd6 24. Nb3 Qf7 25. Qe2 Nc4 26. Nc5 Ra7 27. Rd3 Re8 28. Red1 Ree7
29. Qc2 Nf8 30. Nd2 Nd7 31. Nxc4 bxc4 32. Rxd7 Rexd7 33. Nxd7 Rxd7 34. Rxd7 Qxd7
35. Qe2 Qb7 36. Qxc4 Kf7 37. Qc5 Qc7 38. Kf3 Kf6 39. Ke2 Qf7 40. Qxc6 Qh5+ 41.
Ke3 Qd1 42. Qc4 Qe1+ 43. Kf3 Qh1+ 44. Ke2 Qxh3 45. Qxa6 Qg4+ 46. Ke3 Qd1 47. Qd3
Qe1+ 48. Kf3 Qh1+ 49. Ke2 Ke7 50. a6 Qa1 51. b5 Qb2+ 52. Kf3 g5 53. a7 Qa1 54.
b6 Qh1+ 55. Ke2 Qh5+ 56. Kd2 Qf7 57. f3 Qe8 58. b7 Qa4 59. a8=Q Qxa8 60. bxa8=Q
1-0

[Event "XXVII OOM - Mistrzostwa Polski Juniorow Mlodszych - Dziewczeta do lat 14"]
[Site "ApartHotel Termy Uniejow, ul. Termalna 1, 99-210 Uniejow"]
[Date "1899-12-30"]
[Round "7.4"]
[White "Tokarz, Izabela"]
[Black "Salamon, Julia"]
[Result "1-0"]
[WhiteTitle "I++"]
[BlackTitle "I++"]
[WhiteElo "1681"]
[BlackElo "1504"]

1. c4 c5 2. Nf3 Nc6 3. Nc3 Nf6 4. e4 e6 5. d3 d6 6. h3 Be7 7. Be2 O-O 8. O-O a6
9. d4 cxd4 10. Nxd4 Nd7 11. Be3 Nxd4 12. Bxd4 Bf6 13. Rc1 Qc7 14. Qd2 Rd8 15.
Bxf6 Nxf6 16. Rfd1 Rd7 17. b4 b6 18. Qe3 Rb8 19. Rd4 Bb7 20. a3 Ba8 21. Rdd1 Qb7
22. Bf3 Qc7 23. Ne2 Qd8 24. Qf4 e5 25. Qe3 Rc8 26. a4 h6 27. Ng3 Kh7 28. Nh5 Rb8
29. Ng3 g6 30. Nf1 b5 31. cxb5 axb5 32. a5 Qe7 33. Re1 Rc7 34. Rxc7 Qxc7 35. Rc1
Qe7 36. Nd2 Kg7 37. Nb3 Qb7 38. Rd1 Qc7 39. Qd3 Ne8 40. Rc1 Qe7 41. Rc3 Qd8 42.
Qc2 Nf6 43. Nd2 Nd7 44. Rc7 Nf6 45. g3 Ne8 46. Rc3 h5 47. Kh2 Bb7 48. Qd3 Ba8
49. Nf1 Nc7 50. Ne3 f5 51. Nc2 fxe4 52. Bxe4 d5 53. Bxg6 d4 54. Qf5 dxc3 55. Qf7+
Kh6 56. Qh7+ Kg5 57. h4+ 1-0

[Event "XXVII OOM - Mistrzostwa Polski Juniorow Mlodszych - Dziewczeta do lat 14"]
[Site "ApartHotel Termy Uniejow, ul. Termalna 1, 99-210 Uniejow"]
[Date "1899-12-30"]
[Round "7.5"]
[White "Ziobrowska, Maja"]
[Black "Nieckarz, Maja"]
[Result "1-0"]
[WhiteTitle "I++"]
[BlackTitle "I"]
[WhiteElo "1601"]
[BlackElo "1430"]

1. e4 c5 2. Nf3 d6 3. d4 cxd4 4. Qxd4 a6 5. c4 Nc6 6. Qe3 g6 7. Be2 Bg7 8. h3 Nf6
9. O-O O-O 10. Nc3 Be6 11. Rd1 Nd7 12. b3 Nc5 13. Bd2 a5 14. Rac1 a4 15. Nb5 axb3
16. axb3 Na7 17. Nxa7 Rxa7 18. b4 Qc7 19. bxc5 dxc5 20. Bc3 Ra3 21. Qd2 f6 22.
Ra1 Ra6 23. Qb2 Rb6 24. Qc2 Ra6 25. Rxa6 bxa6 26. Qa4 Ra8 27. Qa5 Qf4 28. Nd2
Bh6 29. Qxc5 Kf7 30. Bb4 Re8 31. e5 fxe5 32. Nf3 e4 33. Nd4 Bf5 34. Bd2 Qh4 35.
Nxf5 gxf5 36. Qxf5+ Kg7 37. Qe5+ Kg8 38. Qe6+ Kh8 39. Qxh6 Qxh6 40. Bxh6 a5 41.
Ra1 Ra8 42. c5 a4 43. c6 a3 44. c7 a2 45. Rxa2 Rc8 46. Bg4 Rxc7 47. Ra8+ Rc8 48.
Rxc8# 1-0

[Event "XXVII OOM - Mistrzostwa Polski Juniorow Mlodszych - Dziewczeta do lat 14"]
[Site "ApartHotel Termy Uniejow, ul. Termalna 1, 99-210 Uniejow"]
[Date "1899-12-30"]
[Round "7.6"]
[White "Kawa, Anna"]
[Black "Pastuszko, Katarzyna"]
[Result "1-0"]
[WhiteTitle "I"]
[BlackTitle "I++"]
[WhiteElo "1440"]
[BlackElo "1580"]

1. e4 e5 2. Nf3 Nc6 3. Bc4 Nf6 4. d3 Bc5 5. c3 O-O 6. O-O d5 7. exd5 Nxd5 8. Re1
Bg4 9. h3 Bh5 10. Nbd2 Kh8 11. Ne4 Bb6 12. Ng3 Bxf3 13. Qxf3 Nde7 14. b4 f5 15.
Bg5 Qd7 16. b5 Na5 17. Rxe5 Rae8 18. Rae1 Ng6 19. Rxe8 Rxe8 20. Rxe8+ Qxe8 21.
Qxf5 Nxc4 22. dxc4 Qe1+ 23. Nf1 Qe8 24. Be3 Bxe3 25. Nxe3 c6 26. a4 Nh4 27. Qg4
Ng6 28. Qd4 a6 29. Qb6 Qc8 30. Qc5 Qe8 31. bxc6 bxc6 32. Qd6 Qc8 33. Ng4 Qe8 34.
c5 Qe1+ 35. Kh2 Qe8 36. Ne3 Qe5+ 37. Qxe5 Nxe5 38. Nf5 Nd3 39. Ne7 Nxc5 40. a5
Ne4 41. Nxc6 Nxc3 42. Nb4 Kg8 43. Nxa6 Kf7 44. Nc7 1-0